Góp phần quản lý hoạt động nghiên cứu lý luận

Uloženo v:
Podrobná bibliografie
Hlavní autor: Trần Xuân Sầm
Médium: Kniha
Jazyk:Undetermined
Vydáno: H. CTQG 2001
Témata:
Tagy: Přidat tag
Žádné tagy, Buďte první, kdo otaguje tento záznam!
Thư viện lưu trữ: Trung tâm Học liệu Trường Đại học Cần Thơ
LEADER 00566nam a2200205Ia 4500
001 CTU_58707
008 210402s9999 xx 000 0 und d
020 |b 26000 
082 |a 324.2579075 
082 |b S120 
100 |a Trần Xuân Sầm 
245 0 |a Góp phần quản lý hoạt động nghiên cứu lý luận 
245 0 |c Trần Xuân Sầm 
260 |a H. 
260 |b CTQG 
260 |c 2001 
650 |a communist parties 
650 |z vietnam 
904 |i Minh 
980 |a Trung tâm Học liệu Trường Đại học Cần Thơ